ბათუმის შოთა რუსთაველის სახელმწიფო უნივერსიტეტის ბიბლიოთეკა

Теорема Абеля в задачах и решениях (ბიბ.ჩანაწერი № 47955)

000 -LEADER
fixed length control field 00575nam a2200205Ia 4500
001 - CONTROL NUMBER
control field 14832
003 - CONTROL NUMBER IDENTIFIER
control field GE_BSU
008 - FIXED-LENGTH DATA ELEMENTS--GENERAL INFORMATION
fixed length control field 181216s||||||||xx |||||||||||||| ||und||
040 ## - CATALOGING SOURCE
Transcribing agency GE_BSU
080 ## - UNIVERSAL DECIMAL CLASSIFICATION NUMBER
Universal Decimal Classification number 512.54+517.53/55
100 ## - MAIN ENTRY--PERSONAL NAME
Personal name Алексеев,В.Б.
245 ## - TITLE STATEMENT
Title Теорема Абеля в задачах и решениях
245 ## - TITLE STATEMENT
Statement of responsibility, etc. Ред.А.В.Михалев
260 ## - PUBLICATION, DISTRIBUTION, ETC.
Place of publication, distribution, etc. Москва
260 ## - PUBLICATION, DISTRIBUTION, ETC.
Name of publisher, distributor, etc. Наука
260 ## - PUBLICATION, DISTRIBUTION, ETC.
Date of publication, distribution, etc. 1976
300 ## - PHYSICAL DESCRIPTION
Extent 206стр.20см.
653 ## - INDEX TERM--UNCONTROLLED
Uncontrolled term Теорема Абеля в задачах и решениях
942 ## - ADDED ENTRY ELEMENTS (KOHA)
Koha item type წიგნი
ეგზემპლარები
Withdrawn status Lost status Damaged status Not for loan Date acquired Barcode Date last seen Price effective from Koha item type
        2018-12-17 15185 2018-12-17 2018-12-17 წიგნი
        2018-12-17 17009 2018-12-17 2018-12-17 წიგნი
        2018-12-17 17008 2018-12-17 2018-12-17 წიგნი